ბათუმის შოთა რუსთაველის სახელმწიფო უნივერსიტეტის ბიბლიოთეკა

სიამაყე და ტკივილი / (ბიბ.ჩანაწერი № 53984)

000 -ლიდერი
ფიქსირებული სიგრძის საკონტროლო ველი 01970nam a2200301Ia 4500
001 - საკონტროლო ნომერი
საკონტროლო ველი 21035
003 - საკონტროლო ნომრის იდენტიფიკატორი
საკონტროლო ველი GE_BSU
005 - ბოლო ოპერაციის თარიღი და დრო
საკონტროლო ველი 20210708181443.0
008 - ფიქსირებული სიგრძის მონაცემთა ელემენტები - ზოგადი ინფორმაცია
ფიქსირებული სიგრძის საკონტროლო ველი 181216s2017||||ge |||||||||||||| ||geo||
020 ## - წიგნის საერთაშორისო სტანდარტული ნომერი
International Standard Book Number 9789941097713
040 ## - კატალოგიზაციის წყარო
Transcribing agency GE_BSU
041 ## - ენის კოდი
Language code of text/sound track or separate title geo
080 ## - უნივერსალური ათობითი კლასიფიკაციის ინდექსი
Universal Decimal Classification number 631.4 ს-47
245 ## - ცნობა სათაურის შესახებ
Title სიამაყე და ტკივილი /
Statement of responsibility, etc ტექსტის ავტორები : თენგიზ (გიზო) ურუშაძე, თინათინ სადუნიშვილი ;რედაქტორი გიორგი (ოთარ) კვესიტაძე ; ფოტოსურათების ავტორები : ოთარ აბდალაძე, არნოლდ გეგეჭკორი, ბესო გელაშვილი [და სხვ.]
260 ## - გამოქვეყნების, გავრცელების, და სხვა. ცნობები
Place of publication, distribution, etc თბილისი
260 ## - გამოქვეყნების, გავრცელების, და სხვა. ცნობები
Name of publisher, distributor, etc (საქ. მეცნ. ეროვნული აკადემიის სტამბა)
260 ## - გამოქვეყნების, გავრცელების, და სხვა. ცნობები
Date of publication, distribution, etc 2017
300 ## - ფიზიკური აღწერა
Extent 96 გვ. :
Other physical details ფოტ., რუკები ;
Dimensions 20 სმ.
500 ## - ზოგადი შენიშვნა
General note იბეჭდება საქართველოს მეცნიერებათა ეროვნული აკადემიის სარედაქციო-საგამომცემლო საბჭოს გადაწყვეტილებით
653 ## - INDEX TERM--UNCONTROLLED
Uncontrolled term ნიადაგმცოდნეობა
653 ## - INDEX TERM--UNCONTROLLED
Uncontrolled term სიამაყე და ტკივილი
653 ## - INDEX TERM--UNCONTROLLED
Uncontrolled term სოფლის მეურნეობა
700 ## - ADDED ENTRY--PERSONAL NAME
Personal name ურუშაძე, თენგიზ (გიზო)
Relator term ტექსტის ავტორი
9 (RLIN) 12221
700 ## - ADDED ENTRY--PERSONAL NAME
Personal name სადუნიშვილი, თინათინ
Relator term ტექსტის ავტორი
9 (RLIN) 12222
700 ## - ADDED ENTRY--PERSONAL NAME
Personal name კვესიტაძე, გიორგი (ოთარ)
Relator term რედაქტორი
9 (RLIN) 12223
942 ## - ADDED ENTRY ELEMENTS (KOHA)
Koha item type წიგნი
Source of classification or shelving scheme
ეგზემპლარები
ჩამოწერის სტატუსი დაკარგული ეგზემპლარის სტატუსი კლასიფიკაციის წყარო ან თაროზე გაწყობის სქემა დაზიანების სტატუსი არ გაიცემა მუდმივი მდებარეობა (დაცვის ადგილი) ამჟამინდელი ადგილსამყოფელი თაროზე განთავსების ადგილი შეძენის თარიღი ღირებულება, შესყიდვის ნორმალური ფასი სრული შენახვის შიფრი შტრიხკოდი ბოლო ოპერაციის თარიღი ეგზემპლარის მიმდევრობითი ნომერი (კეტერი?) ფასის ძალაში შესვლის თარიღი ეგზემპლარის სახეობა საჯარო შენიშვნა
          ბათუმის შოთა რუსთაველის სახელმწიფო უნივერსიტეტის მთავარი ბიბლიოთეკა ბათუმის შოთა რუსთაველის სახელმწიფო უნივერსიტეტის მთავარი ბიბლიოთეკა წიგნსაცავი 2018-12-17 5.00 631.4 ს-47 54683 2018-12-17 54683 2018-12-17 წიგნი 5.00 ლ.
          ბათუმის შოთა რუსთაველის სახელმწიფო უნივერსიტეტის მთავარი ბიბლიოთეკა ბათუმის შოთა რუსთაველის სახელმწიფო უნივერსიტეტის მთავარი ბიბლიოთეკა წიგნსაცავი 2018-12-17 5.00 631.4 ს-47 54684 2018-12-17 54684 2018-12-17 წიგნი 5.00 ლ.
          ბათუმის შოთა რუსთაველის სახელმწიფო უნივერსიტეტის მთავარი ბიბლიოთეკა ბათუმის შოთა რუსთაველის სახელმწიფო უნივერსიტეტის მთავარი ბიბლიოთეკა წიგნსაცავი 2018-12-17 5.00 631.4 ს-47 54685 2018-12-17 54685 2018-12-17 წიგნი 5.00 ლ.
          ბათუმის შოთა რუსთაველის სახელმწიფო უნივერსიტეტის მთავარი ბიბლიოთეკა ბათუმის შოთა რუსთაველის სახელმწიფო უნივერსიტეტის მთავარი ბიბლიოთეკა წიგნსაცავი 2018-12-17 5.00 631.4 ს-47 54686 2018-12-17 54686 2018-12-17 წიგნი 5.00 ლ.
          ბათუმის შოთა რუსთაველის სახელმწიფო უნივერსიტეტის მთავარი ბიბლიოთეკა ბათუმის შოთა რუსთაველის სახელმწიფო უნივერსიტეტის მთავარი ბიბლიოთეკა წიგნსაცავი 2018-12-17 5.00 631.4 ს-47 54687 2018-12-17 54687 2018-12-17 წიგნი 5.00 ლ.